[Event "20. Open Internacional de Gros"]
[Site "San Sebastián ESP"]
[Date "2010.10.02"]
[Round "9.12"]
[White "Boo Aldanondo, Alex"]
[Black "Darrigues, Alain"]
[Result "1-0"]
[WhiteElo "1679"]
[BlackElo "1996"]
[PlyCount "81"]
[EventDate "2010.09.24"]
[EventType "swiss"]
[EventRounds "9"]
[EventCountry "ESP"]
[Source "lmi"]
[SourceDate "2010.09.24"]

1. e4 c5 2. Nf3 d6 3. d4 cxd4 4. Nxd4 Nf6 5. Nc3 a6 6. Bc4 e6 7. O-O Be7 8. a4
Nc6 9. Kh1 O-O 10. f4 Qc7 11. Nf3 Bd7 12. Qe2 Rac8 13. Bd3 Nb4 14. Bd2 Nxd3 15.
cxd3 Bc6 16. Nd4 Bd7 17. f5 e5 18. Nf3 Bc6 19. Ng5 h6 20. Nh3 b6 21. Nf2 Kh7
22. g4 Rh8 23. Rg1 Kg8 24. g5 hxg5 25. Bxg5 Kf8 26. Ng4 Qb7 27. Rg3 Ke8 28.
Rag1 Nxe4 29. dxe4 Bxg5 30. Nxe5 Bf4 31. Nc4 Bxg3 32. Rxg3 Rd8 33. Rxg7 Qe7 34.
Nxb6 Qe5 35. Rg5 Qf4 36. Qg2 Kf8 37. Ncd5 Qc1+ 38. Qg1 Qxb2 39. f6 Re8 40. Rh5
Rg8 41. Rh8 1-0